[Event "IND-chT 34th"]
[Site "Kanpur"]
[Date "2014.02.19"]
[Round "8.1"]
[White "Gupta, Abhijeet"]
[Black "Raj, Kumar Chauhan"]
[Result "1-0"]
[WhiteElo "2619"]
[BlackElo "1997"]
[PlyCount "75"]
[EventDate "2014.02.14"]
[EventType "team-swiss"]
[EventRounds "9"]
[EventCountry "IND"]
[SourceTitle "CBM 158 Extra"]
[Source "ChessBase"]
[SourceDate "2014.02.28"]
[SourceVersion "1"]
[SourceVersionDate "2014.02.28"]
[SourceQuality "1"]
[WhiteTeam "Petroleum Sports"]
[BlackTeam "Bihar State"]
[WhiteTeamCountry "IND"]
[BlackTeamCountry "IND"]

1. d4 d5 2. c4 c6 3. Nc3 e6 4. Nf3 dxc4 5. g3 Nd7 6. Bg2 Ngf6 7. 0-0 Be7 8. e4 b5 9. d5 cxd5 10. exd5 Nxd5 11. Nxd5 exd5 12. Qxd5 Rb8 13. Bf4 Rb6 14. Be3 0-0 15. Bxb6 Qxb6 16. Rad1 Bf6 17. b4 cxb3 18. axb3 Nc5 19. b4 Na4 20. Qh5 Nc3 21. Rd3 g6 22. Qh6 Bg7 23. Qd2 Ne4 24. Qe3 Qxe3 25. Rxe3 Nc3 26. Ne5 Na2 27. Nc6 Be6 28. Bd5 Bxd5 29. Ne7+ Kh8 30. Nxd5 Rd8 31. Rd3 h6 32. Re1 Nc3 33. Rxc3 Rxd5 34. Rc7 Rf5 35. Re8+ Kh7 36. Ree7 Kg8 37. Rc8+ Kh7 38. Rc5 1-0

[Event "IND-chT"]
[Site "Gurgaon"]
[Date "2010.02.26"]
[Round "8"]
[White "Raj, Kumar Chauhan"]
[Black "Sundararajan, Kidambi"]
[Result "0-1"]
[WhiteElo "2067"]
[BlackElo "2526"]
[PlyCount "44"]
[EventDate "2010.02.21"]
[EventType "team"]
[EventRounds "9"]
[EventCountry "IND"]
[SourceTitle "CBM 135 Extra"]
[Source "ChessBase"]
[SourceDate "2010.05.04"]
[SourceVersion "1"]
[SourceVersionDate "2010.05.04"]
[SourceQuality "1"]

1. e4 c6 2. d4 d5 3. e5 Bf5 4. Nc3 e6 5. g4 Bg6 6. Nge2 c5 7. h4 h5 8. Nf4 Bh7 9. Nxh5 cxd4 10. Nb5 Nc6 11. Nxd4 Nge7 12. Bb5 Qc7 13. Qe2 0-0-0 14. Nxc6 Nxc6 15. Bxc6 Qxc6 16. Bg5 Bb4+ 17. Bd2 d4 18. 0-0 d3 19. Qe1 Qf3 20. Ng3 Bc5 21. Be3 Be4 22. Nxe4 Rxh4 0-1

[Event "IND-chT"]
[Site "Gurgaon"]
[Date "2010.02.23"]
[Round "4"]
[White "Maheswaran, Palsamy"]
[Black "Raj, Kumar Chauhan"]
[Result "1/2-1/2"]
[WhiteElo "2355"]
[BlackElo "2067"]
[PlyCount "59"]
[EventDate "2010.02.21"]
[EventType "team"]
[EventRounds "9"]
[EventCountry "IND"]
[SourceTitle "CBM 135 Extra"]
[Source "ChessBase"]
[SourceDate "2010.05.04"]
[SourceVersion "1"]
[SourceVersionDate "2010.05.04"]
[SourceQuality "1"]

1. d4 d5 2. c4 c6 3. Nf3 e6 4. Qc2 Nd7 5. g3 Ngf6 6. Bg2 Bd6 7. 0-0 0-0 8. Nbd2 Re8 9. Rd1 Qe7 10. e4 Nxe4 11. Nxe4 dxe4 12. Qxe4 e5 13. d5 c5 14. Re1 Nf8 15. Qc2 f5 16. b3 Qf7 17. Bb2 e4 18. Ng5 Qh5 19. f4 h6 20. Nh3 b6 21. Rad1 Bd7 22. Bc3 a5 23. a4 Re7 24. Re3 Rae8 25. Rf1 Nh7 26. Qb2 Qg6 27. Kh1 Nf6 28. Bxf6 Qxf6 29. Qxf6 gxf6 30. Ng1 1/2-1/2

[Event "IND-chT"]
[Site "Gurgaon"]
[Date "2010.02.22"]
[Round "2"]
[White "Kamble, Vikramaditya"]
[Black "Raj, Kumar Chauhan"]
[Result "1-0"]
[WhiteElo "2364"]
[BlackElo "2067"]
[PlyCount "61"]
[EventDate "2010.02.21"]
[EventType "team"]
[EventRounds "9"]
[EventCountry "IND"]
[SourceTitle "CBM 135 Extra"]
[Source "ChessBase"]
[SourceDate "2010.05.04"]
[SourceVersion "1"]
[SourceVersionDate "2010.05.04"]
[SourceQuality "1"]

1. Nf3 Nf6 2. c4 e6 3. Nc3 d5 4. d4 c6 5. Bg5 Nbd7 6. cxd5 exd5 7. e3 Bd6 8. Bd3 0-0 9. 0-0 Re8 10. Qc2 Nf8 11. Rae1 Bg4 12. Nd2 Be7 13. f3 Bh5 14. f4 N6d7 15. Bxe7 Rxe7 16. h3 f6 17. g4 Bf7 18. Nf3 Qc7 19. Qf2 c5 20. Nh4 g6 21. f5 g5 22. Nf3 cxd4 23. exd4 Rae8 24. Kg2 a6 25. Rxe7 Rxe7 26. Qd2 Nb6 27. Nxg5 Be8 28. Nf3 Rg7 29. Qh6 Qf7 30. Ne2 Qh5 31. Qxg7+ 1-0